000 00657nam a2200265Ia 4500
001 12456
005 20240113235359.0
007 ta
008 051019s1923 a g b000 u eng u
020 _cHB
040 _aCotton College,Assam
041 _aeng
082 _a937
_bSo 54 St
100 _aSomervell, DC .
245 0 _aStudies in Statesmanship /
_cDC Somervell.
_hTextual Documents
250 _a1st ed. /
260 _aLondon :
_bG Bell & Sons ,
_c1923.
300 _a427p. :
_bill. ;
_c22cm .
504 _aIndex
653 _aHistory
653 _aG-History
942 _2ddc
_cBK
999 _c12442
_d12442